[Event "CZE-chT2A 1920"]
[Site "Czech Republic"]
[Date "2020.02.23"]
[Round "9.8"]
[White "Stufka, Karel"]
[Black "Baasan, Ganbaatar"]
[Result "1-0"]
[WhiteElo "1840"]
[BlackElo "1840"]
[PlyCount "99"]
[EventDate "2019.10.13"]
[EventType "team-tourn"]
[EventRounds "11"]
[EventCountry "CZE"]
[SourceTitle "EXT 2024"]
[Source "ChessBase"]
[SourceDate "2023.10.10"]
[SourceVersion "1"]
[SourceVersionDate "2023.10.10"]
[SourceQuality "1"]
[WhiteTeam "Pribram Banik"]
[BlackTeam "Pisek"]
[WhiteTeamCountry "CZE"]
[BlackTeamCountry "CZE"]

1. d4 d5 2. c4 Nf6 3. Nc3 e6 4. Bg5 Be7 5. e3 h6 6. Bh4 a6 7. Nf3 dxc4 8. Bxc4 b5 9. Bd3 Bb7 10. a3 Nbd7 11. b4 Nd5 12. Nxd5 Bxd5 13. Bg3 0-0 14. Rc1 Rc8 15. e4 Bb7 16. 0-0 Bf6 17. Qe2 Re8 18. Rfd1 Be7 19. Qc2 Bd6 20. e5 Bxf3 21. gxf3 Be7 22. Be4 a5 23. Qb3 axb4 24. axb4 Bh4 25. Bc6 Bxg3 26. fxg3 Qe7 27. f4 Red8 28. d5 Rb8 29. dxe6 fxe6 30. Rd3 Rb6 31. Be4 Nb8 32. Rcd1 Rxd3 33. Qxd3 Na6 34. Bg6 Rb8 35. Qa3 Nxb4 36. Rc1 c5 37. Rd1 c4 38. Rd6 Nd5 39. Qc5 Qf8 40. Be4 c3 41. Bxd5 exd5 42. Qxc3 b4 43. Qb3 Kh8 44. Rxd5 Ra8 45. Rd6 Ra1+ 46. Kf2 Qb8 47. Qd5 Qa7+ 48. Kf3 Qa8 49. Rd8+ Kh7 50. Rxa8 1-0

[Event "CZE-chT2A 1920"]
[Site "Czech Republic"]
[Date "2020.01.26"]
[Round "7.7"]
[White "Baasan, Ganbaatar"]
[Black "Pilar, Miloslav"]
[Result "0-1"]
[WhiteElo "1840"]
[BlackElo "2056"]
[PlyCount "72"]
[EventDate "2019.10.13"]
[EventType "team-tourn"]
[EventRounds "11"]
[EventCountry "CZE"]
[SourceTitle "EXT 2024"]
[Source "ChessBase"]
[SourceDate "2023.10.10"]
[SourceVersion "1"]
[SourceVersionDate "2023.10.10"]
[SourceQuality "1"]
[WhiteTeam "Pisek"]
[BlackTeam "Vysehrad II"]
[WhiteTeamCountry "CZE"]
[BlackTeamCountry "CZE"]

1. e4 e6 2. Nf3 d5 3. e5 c5 4. b3 Nc6 5. Be2 Nge7 6. c3 Ng6 7. d4 Be7 8. 0-0 0-0 9. Bd3 Bd7 10. Be3 cxd4 11. cxd4 Nb4 12. Bxg6 hxg6 13. a3 Nc6 14. Qd2 Na5 15. Qd1 Qb6 16. Nbd2 Rac8 17. b4 Nc4 18. Nxc4 Rxc4 19. h4 Rfc8 20. h5 gxh5 21. Nd2 Rc2 22. Qxh5 Bb5 23. Rfe1 Bd3 24. Nb3 Bg6 25. Qd1 Qb5 26. Rc1 b6 27. Na1 Rxc1 28. Bxc1 a5 29. bxa5 Qxa5 30. Re3 Rc4 31. Rb3 Qa4 32. Bb2 Bc2 33. Qf3 Bxb3 34. Qxb3 Qxb3 35. Nxb3 Rc2 36. Bc1 Rc3 0-1